Detalles MARC
| 000 -LEADER |
| fixed length control field |
02306nam a2200541Ii 4500 |
| 001 - CONTROL NUMBER |
| control field |
DIGANAGRA0225 |
| 003 - CONTROL NUMBER IDENTIFIER |
| control field |
NyNyDIG |
| 006 - FIXED-LENGTH DATA ELEMENTS--ADDITIONAL MATERIAL CHARACTERISTICS |
| fixed length control field |
m o d |
| 007 - PHYSICAL DESCRIPTION FIXED FIELD--GENERAL INFORMATION |
| fixed length control field |
cr ||||||||||| |
| 008 - FIXED-LENGTH DATA ELEMENTS--GENERAL INFORMATION |
| fixed length control field |
200413t20112000sp o 000 f spa d |
| 035 ## - SYSTEM CONTROL NUMBER |
| System control number |
(OCoLC)1007136244 |
| 040 ## - CATALOGING SOURCE |
| Original cataloging agency |
DGITA |
| Language of cataloging |
eng |
| Description conventions |
rda |
| -- |
pn |
| Transcribing agency |
DGITA |
| 020 ## - INTERNATIONAL STANDARD BOOK NUMBER |
| International Standard Book Number |
9788433933386 |
| Qualifying information |
(eBook ; |
| -- |
ePub) |
| 020 ## - INTERNATIONAL STANDARD BOOK NUMBER |
| International Standard Book Number |
8433933388 |
| Qualifying information |
(eBook ; |
| -- |
ePub) |
| 020 ## - INTERNATIONAL STANDARD BOOK NUMBER |
| Canceled/invalid ISBN |
9788433969217 |
| 020 ## - INTERNATIONAL STANDARD BOOK NUMBER |
| Canceled/invalid ISBN |
8433975633 |
| 041 1# - LANGUAGE CODE |
| Language code of text/sound track or separate title |
spa |
| Language code of original |
fre |
| 050 14 - LIBRARY OF CONGRESS CALL NUMBER |
| Classification number |
PQ2663.A7678 eBook |
| 082 04 - DEWEY DECIMAL CLASSIFICATION NUMBER |
| Classification number |
843.914 |
| 100 1# - MAIN ENTRY--PERSONAL NAME |
| Personal name |
Carrère, Emmanuel, |
| Dates associated with a name |
1957- |
| Relator term |
author. |
| 240 10 - UNIFORM TITLE |
| Uniform title |
Adversaire. |
| Language of a work |
Spanish |
| Version |
(Zulaika) |
| 245 13 - TITLE STATEMENT |
| Title |
El adversario / |
| Statement of responsibility, etc. |
Emmanuel Carrère ; traducción, Jaime Zulaika. |
| 250 ## - EDITION STATEMENT |
| Edition statement |
Edición en formato digital. |
| 264 #1 - PRODUCTION, PUBLICATION, DISTRIBUTION, MANUFACTURE, AND COPYRIGHT NOTICE |
| Place of production, publication, distribution, manufacture |
Barcelona : |
| Name of producer, publisher, distributor, manufacturer |
Editorial Anagrama, |
| Date of production, publication, distribution, manufacture, or copyright notice |
[2011] |
| 264 #4 - PRODUCTION, PUBLICATION, DISTRIBUTION, MANUFACTURE, AND COPYRIGHT NOTICE |
| Date of production, publication, distribution, manufacture, or copyright notice |
©2000 |
| 300 ## - PHYSICAL DESCRIPTION |
| Extent |
1 online resource |
| 336 ## - CONTENT TYPE |
| Content type term |
text |
| Content type code |
txt |
| Source |
rdacontent |
| 337 ## - MEDIA TYPE |
| Media type term |
computer |
| Media type code |
c |
| Source |
rdamedia |
| 338 ## - CARRIER TYPE |
| Carrier type term |
online resource |
| Carrier type code |
cr |
| Source |
rdacarrier |
| 347 ## - DIGITAL FILE CHARACTERISTICS |
| File type |
text file |
| Source |
rdaft |
| 347 ## - DIGITAL FILE CHARACTERISTICS |
| Encoding format |
EPUB |
| 490 1# - SERIES STATEMENT |
| Series statement |
Panorama de narrativas ; |
| Volume/sequential designation |
461 |
| 520 ## - SUMMARY, ETC. |
| Summary, etc. |
"El 9 de enero de 1993 un hombre mató a su esposa, sus hijos y sus padres, e intentó sin éxito suicidarse. La investigación reveló que no era médico, tal como pretendía. Mentía desde los dieciocho años y se había construido una existencia ficticia. A punto de ser descubierto, prefirió suprimir a aquellos cuya mirada no hubiera podido soportar". |
| 588 0# - SOURCE OF DESCRIPTION NOTE |
| Source of description note |
Online resource; title from ePub title page (Digitalia, viewed April 13, 2020) |
| 600 10 - SUBJECT ADDED ENTRY--PERSONAL NAME |
| Personal name |
Romand, Jean-Claude, |
| Dates associated with a name |
1954- |
| Form subdivision |
Fiction. |
| 650 #0 - SUBJECT ADDED ENTRY--TOPICAL TERM |
| Topical term or geographic name entry element |
Murderers |
| Geographic subdivision |
France |
| Form subdivision |
Fiction. |
| 650 #0 - SUBJECT ADDED ENTRY--TOPICAL TERM |
| Topical term or geographic name entry element |
Murder |
| General subdivision |
Investigation |
| Geographic subdivision |
France |
| Form subdivision |
Fiction. |
| 650 #0 - SUBJECT ADDED ENTRY--TOPICAL TERM |
| Topical term or geographic name entry element |
Swindlers and swindling |
| Geographic subdivision |
France |
| Form subdivision |
Fiction. |
| 655 #0 - INDEX TERM--GENRE/FORM |
| Genre/form data or focus term |
Electronic books. |
| 700 1# - ADDED ENTRY--PERSONAL NAME |
| Personal name |
Zulaika, Jaime, |
| Relator term |
translator. |
| 776 08 - ADDITIONAL PHYSICAL FORM ENTRY |
| Relationship information |
Print version: |
| Main entry heading |
Carrère, Emmanuel, 1957- |
| Uniform title |
Adversaire. Spanish (Zulaika) |
| Title |
Adversario. |
| Place, publisher, and date of publication |
Barcelona : Editorial Anagrama, 2011 |
| International Standard Book Number |
9788433969217 |
| 791 2# - |
| -- |
Digitalia (Firm), |
| -- |
distributor. |
| 793 0# - |
| -- |
Digitalia Hispánica eBook Collection: |
| -- |
Anagrama |
| 830 #0 - SERIES ADDED ENTRY--UNIFORM TITLE |
| Uniform title |
Panorama de narrativas ; |
| Volume/sequential designation |
461. |
| 856 40 - ELECTRONIC LOCATION AND ACCESS |
| Materials specified |
Digitalia Hispánica |
| Uniform Resource Identifier |
<a href="https://www.digitaliapublishing.com/a/33111/">https://www.digitaliapublishing.com/a/33111/</a> |
| 910 ## - USER-OPTION DATA (OCLC) |
| User-option data |
Premium Collection: 2020 |
| 942 ## - ADDED ENTRY ELEMENTS (KOHA) |
| Koha item type |
Recurso Electrónico |